Statistics for Terrence Howard Filmography

Click here to take the quiz!

General Stats

  • This quiz has been taken 20 times
    (2 since last reset)
  • The average score is 43 of 124

Answer Stats

TypeYearName% Correct
TV Show2015-2020Empire
100%
Film2005Hustle & Flow
100%
TV Show2011Law & Order: Special Victims Unit
100%
Film2013Prisoners
100%
Film2004Ray
100%
Film2024Shirley
100%
Film2009The Princess and the Frog
100%
TV Show1992All My Children
50%
Film2001Angel Eyes
50%
Film2005Animal
50%
Film2007August Rush
50%
Film2007Awake
50%
Film1999Best Laid Plans
50%
Music Video2005Be Without You
50%
Film2000Big Momma's House
50%
Film2003Biker Boyz
50%
TV Film2001Boycott
50%
Film1998Butter
50%
Film2016Cardboard Boxer
50%
Film2004Crash
50%
Film2020Cut Throat City
50%
Film2013Dead Man Down
50%
Film1995Dead Presidents
50%
Music Video2002Foolish
50%
Film2005Four Brothers
50%
Film2005Get Rich or Die Tryin'
50%
Music Video2015Ghosttown
50%
Film2001Glitter
50%
Film2002Hart's War
50%
TV Show2012Hawaii Five-0
50%
Film2013House of Bodies
50%
Film2006Idlewild
50%
Film | Video Game2008Iron Man
50%
Film1996johns
50%
TV Film2000King of the World
50%
TV Film2005Lackawanna Blues
50%
TV Show2010-2011Law & Order: LA
50%
TV Show2015Lip Sync Battle
50%
Film2011Little Murder
50%
TV Show1994Living Single
50%
Film1995Lotto Land
50%
Film2003Love Chronicles
50%
Film2014Lullaby
50%
Film2013Movie 43
50%
Film1995Mr. Holland's Opus
50%
TV Show1998, 1999NYPD Blue
50%
Film2012On the Road
50%
TV Short2017Philip K. Dick's Electric Dreams
50%
TV Show1994Picket Fences
50%
Film2012Red Tails
50%
Film2014Sabotage
50%
Film2023Showdown at the Grand
50%
FilmTBASkeletons in the Closet
50%
Film1998Spark
50%
TV Show1996-1998Sparks
50%
Film2014St. Vincent
50%
Film1996Sunset Park
50%
Documentary2014Take Me to the River
50%
TV Show1993Tall Hopes
50%
Film2016Term Life
50%
Film1999The Best Man
50%
Film2013The Best Man Holiday
50%
Film2007The Brave One
50%
Film2013The Butler
50%
Film2012The Company You Keep
50%
Film2007The Hunting Party
50%
TV Film2005Their Eyes Were Watching God
50%
TV Mini-Series1992The Jacksons: An American Dream
50%
Film2011The Ledge
50%
TV Film1995The O.J. Simpson Story
50%
Film2007The Perfect Holiday
50%
Film1998The Players Club
50%
Film2005The Salon
50%
Film2022The Walk
50%
Film2021Triumph
50%
TV Show2015-2016Wayward Pines
50%
Film1993Who's the Man?
50%
Film2011Winnie Mandela
50%
Award Show20092009 Soul Train Awards
0%
Award Show20102010 Soul Train Awards
0%
TV Show2012Bizarre Foods America
0%
Theater2008Cat on a Hot Tin Roof
0%
TV Show2021Celebrity Family Feud
0%
TV Show1994Coach
0%
FilmTBACrescent City
0%
Documentary2012Croom
0%
Film1997Double TapTV
0%
TV Show1994Family Matters
0%
TV Show2002Fastlane
0%
Film2009Fighting
0%
Short Film2009For All Mankind
0%
TV Show1994Getting By
0%
Film2019Gully
0%
Award Show2015Guys Choice Awards 2015
0%
TV Film2016Hada Madrina
0%
Documentary Series2002-2009Independent Lens
0%
Documentary Series2013In the Woods
0%
Film2001Investigating Sex
0%
FilmTBALost in Wonderland
0%
TV Mini-Series1998Mama Flora's Family
0%
Documentary2007Mapping Stem Cell Research: Terra Incognita
0%
Documentary2008March Point
0%
TV Show2018MasterChef Junior
0%
Music Video2020Never Alone
0%
TV Show1995New York Undercover
0%
Documentary2008Phillies World Series Champions DVD
0%
Film2007Pride
0%
Short Film2017Saudade
0%
Documentary Series2012SEC Storied
0%
FilmTBASelfie
0%
TV Show2010Sesame Street
0%
TV Film1995Shadow-Ops
0%
Documentary2005Shadya
0%
TV Show2002, 2003Soul Food
0%
TV Show1997Soul Train
0%
TV Show2003Street Time
0%
TV Special2018Terrence Howard's Fright Club
0%
Web Series2022The Best Man: The Final Chapters
0%
FilmTBAThe Movers
0%
Film2022The System
0%
Film1999Valerie Flake
0%
Documentary Series2010VH1 Rock Docs
0%
TV Film2007Wifey
0%

Score Distribution

Percentile by Number Answered

Percent of People with Each Score

Your Score History

You have not taken this quiz since the last reset